Nomeia o país 3 - Statistics

Estatísticas Gerais
  • Esse quiz foi jogado 117 vezes
  • A pontuação média é 8 de 15
Estatísticas das Respostas
Hint Resposta % Correto
Tah Mahal Índia
96%
A sua capital é Pyongyang Coreia do Norte
82%
Gangnsm Style Coreia do Sul
80%
A sua capital é Tel Aviv Israel
72%
Uma das cidades mais conhecidas é Capadócia Turquia
69%
É o país de origem da marca LEGO Dinamarca
68%
É conhecido pela sua aurora boreal Islândia
66%
Uma das suas ilhas mais conhecidas é Bali Indonésia
63%
Fui uma colónia de Portugal Cabo Verde
49%
A moeda local é o Rand África do Sul
29%
É conhecido pelas suas maravilhas praias Tailândia
29%
A maior parte do país é desértica Iraque
24%
A moeda oficial é o dinar Tunísia
16%
A população é composta por mais mulheres do que homens Ucrânia
10%
A sua moeda é o Rupee Seychelles
5%
Nenhum quiz correspondente encontrado
Distribuição das Pontuações
Porcentagem de Pessoas com Cada Pontuação
Percentil de Números Respondidos
Sua Pontuação Histórica
Você não jogou esse quiz